00326cam a2200121 4500008004100000100002000041245004300061260005200104300002100156003000100177005001700178040000900195 1 aWharton, Edith.14aThe age of innocence /cEdith Wharton. aNew York :bQuality Paperback Book Club,c1993. a353 p. ;c24 cm.20230123134223.0 cNUST